| 000 | 00715nam a2200229 a 4500 | ||
|---|---|---|---|
| 001 | BD-DhSAU 810 | ||
| 003 | BD-DhSAU | ||
| 005 | 20150106230508.0 | ||
| 008 | 900524s1990 ii a b 001 0deng | ||
| 020 | _a8170991978 | ||
| 040 | _aBD-DhSAU | ||
| 082 |
_222 _a338.175 _bSIP |
||
| 100 | 1 | _aSingh, D. V. | |
| 245 | 1 | 0 |
_aProduction and marketing of off-season vegetables / _cD.V. Singh. |
| 250 | _a1st ed. | ||
| 260 |
_aNew Delhi, India : _bMittal Publications ; _cc1990. |
||
| 300 |
_axiv, 211 p. ; _c23 cm. |
||
| 504 | _aIncludes bibliographical references (p. [202]-208) | ||
| 590 | _aJerin | ||
| 650 | 0 |
_aVegetable trade _zIndia _zHamachal Pradesh. |
|
| 650 | 0 |
_aVegetables _zIndia _zHamachal Pradesh _xMarketing. |
|
| 942 |
_2ddc _cBOOK |
||
| 999 |
_c810 _d810 |
||